| Tag |
First Indicator |
Second Indicator |
Subfields |
| LEADER |
00000cam a2200000 i 4500 |
| 001 |
in00004031908 |
| 005 |
20190122151214.0 |
| 008 |
181029t20182018nyua b 001 0 eng d |
| 020 |
|
|
|a 9780062906366
|q (paperback)
|
| 020 |
|
|
|a 0062906364
|q (paperback)
|
| 035 |
|
|
|a (OCoLC)on1059465523
|
| 040 |
|
|
|a SCW
|e rda
|c SCW
|d UAB
|d OCP
|d TXA
|d UtOrBLW
|
| 043 |
|
|
|a a-kn---
|a n-us---
|
| 049 |
|
|
|a TXAM
|
| 082 |
0 |
|
|a 951.93 C426 2018
|
| 090 |
|
|
|a DS935.5
|b .C47 2018
|
| 100 |
1 |
|
|a Cha, Victor D.,
|d 1961-
|e author.
|0 http://id.loc.gov/authorities/names/n98069377
|
| 245 |
1 |
4 |
|a The impossible state :
|b North Korea, past and future /
|c Victor Cha.
|
| 250 |
|
|
|a Second Ecco paperback edition.
|
| 250 |
|
|
|a Updated edition.
|
| 264 |
|
1 |
|a New York :
|b Ecco, an imprint of HarperCollinsPublishers,
|c [2018]
|
| 264 |
|
4 |
|c ©2018
|
| 300 |
|
|
|a xvi, 555 pages :
|b illustrations ;
|c 21 cm.
|
| 336 |
|
|
|a text
|b txt
|2 rdacontent
|
| 337 |
|
|
|a unmediated
|b n
|2 rdamedia
|
| 338 |
|
|
|a volume
|b nc
|2 rdacarrier
|
| 500 |
|
|
|a Previous edition: 2012.
|
| 504 |
|
|
|a Includes bibliographical references and index.
|
| 500 |
|
|
|a "With a new chapter on the historic meeting between Donald Trump and Kim Jong-un"--Cover.
|
| 505 |
0 |
|
|a Contradictions -- The best days -- All in the family -- Five bad decisions -- The worst place on Earth -- The logic of deterrence -- Complete, verifiable, and irreversible dismantlement (CVID) -- Neighbors -- Approaching unification -- The end is near -- Unpredictable -- Epilogue: Whiplash.
|
| 520 |
|
|
|a In The Impossible State, seasoned international-policy expert and lauded scholar Victor Cha pulls back the curtain on provocative, isolationist North Korea, providing our best look yet at its history and the rise of the Kim family dynasty and the obsessive personality cult that empowers them. Cha illuminates the repressive regime's complex economy and culture, its appalling record of human rights abuses and its belligerent relationship with the United States, and analyzes the regime's major security issues, from the seemingly endless war with its southern neighbor to its frightening nuclear ambitions, all in light of the destabilizing effects of Kim Jong-il's death and the transition of power to his unpredictable heir. Ultimately, this engaging written, authoritative and highly accessible history warns of a regime that straddles war and peace, yet might be closer to its end than many might think, a political collapse for which America and its allies may be woefully unprepared.
|
| 650 |
|
0 |
|a Political culture
|z Korea (North)
|x History.
|
| 651 |
|
0 |
|a Korea (North)
|x Politics and government.
|0 http://id.loc.gov/authorities/subjects/sh2007005687
|
| 651 |
|
0 |
|a Korea (North)
|x Foreign relations
|z United States.
|0 http://id.loc.gov/authorities/subjects/sh2008115725
|
| 651 |
|
0 |
|a United States
|x Foreign relations
|z Korea (North)
|0 http://id.loc.gov/authorities/subjects/sh2007100060
|
| 651 |
|
0 |
|a Korea (North)
|x Social conditions.
|0 http://id.loc.gov/authorities/subjects/sh2008115734
|
| 945 |
|
|
|a PromptCat
|
| 948 |
|
|
|a cataloged
|b h
|c 2018/11/26
|d c
|e dmitchel
|f 10:10:10 am
|
| 994 |
|
|
|a C0
|b TXA
|
| 999 |
f |
f |
|s 58dcf368-abbc-3e75-a645-570cda02c404
|i 1a4fdb00-9be0-3b70-9f9e-9313f1174b60
|t 0
|
| 952 |
f |
f |
|p normal
|a Texas A&M University
|b College Station
|c Sterling C. Evans Library
|s Evans stk
|d Evans: Library Stacks
|t 0
|e DS935.5 .C47 2018
|h Library of Congress classification
|i unmediated -- volume
|m A14850544439
|
| 998 |
f |
f |
|a DS935.5 .C47 2018
|t 0
|l Evans: Library Stacks
|